[Event "Champions Challenge 94th"]
[Site "Playchess.com INT"]
[Date "2005.05.14"]
[Round "1.1"]
[White "Ozhgibcev, Misha"]
[Black "Cappon, John"]
[Result "0-1"]
[WhiteElo "2598"]
[BlackElo "2190"]
[PlyCount "78"]
[EventDate "2005.05.14"]
[EventType "k.o. (blitz)"]
[EventRounds "5"]
[EventCountry "GER"]
[SourceTitle "EXT 2008"]
[Source "ChessBase"]
[SourceDate "2007.11.25"]
[SourceVersion "1"]
[SourceVersionDate "2007.11.25"]
[SourceQuality "1"]

1. e4 c5 2. c3 d5 3. exd5 Qxd5 4. d4 Nf6 5. Nf3 Bg4 6. Qa4+ Bd7 7. Qb3 Qxb3 8. axb3 cxd4 9. Nxd4 e5 10. Nb5 Bxb5 11. Bxb5+ Nbd7 12. 0-0 a6 13. Nd2 0-0-0 14. Bc4 Bc5 15. Bxf7 Rhf8 16. Be6 Rde8 17. Bxd7+ Kxd7 18. b4 Ba7 19. Nb3 Ng4 20. Nc5+ Bxc5 21. bxc5 Kc6 22. b4 e4 23. Bg5 h6 24. Bh4 g5 25. Bg3 Rd8 26. Bd6 Rf5 27. Rae1 Nf6 28. f3 exf3 29. Rxf3 Rxf3 30. gxf3 Re8 31. Rxe8 Nxe8 32. Bf8 h5 33. h3 Nc7 34. Kf2 Kd5 35. Ke3 Ne6 36. Be7 Kc4 37. Ke4 Kxc3 38. Ke5 Nd4 39. Kd6 Nf5+ 0-1

[Event "Champions Challenge 94th"]
[Site "Playchess.com INT"]
[Date "2005.05.14"]
[Round "1.3"]
[White "Ozhgibcev, Misha"]
[Black "Cappon, John"]
[Result "0-1"]
[WhiteElo "2573"]
[BlackElo "2190"]
[PlyCount "54"]
[EventDate "2005.05.14"]
[EventType "k.o. (blitz)"]
[EventRounds "5"]
[EventCountry "GER"]
[SourceTitle "EXT 2008"]
[Source "ChessBase"]
[SourceDate "2007.11.25"]
[SourceVersion "1"]
[SourceVersionDate "2007.11.25"]
[SourceQuality "1"]

1. e4 c5 2. c3 d5 3. exd5 Qxd5 4. d4 Nf6 5. Nf3 Bg4 6. Be2 e6 7. 0-0 Nc6 8. h3 Bh5 9. Be3 cxd4 10. cxd4 Bb4 11. Nc3 Qd6 12. Qb3 0-0 13. Rfd1 Rfd8 14. a3 Ba5 15. Rac1 Bb6 16. Na4 Bxf3 17. Bxf3 Nxd4 18. Bxd4 Bxd4 19. Qxb7 Rab8 20. Qc6 Qf4 21. Qa6 e5 22. Nc3 e4 23. Ne2 Qe5 24. Nxd4 Rxd4 25. Rxd4 exf3 26. Rc8+ Rxc8 27. Qb6 axb6 0-1